[Event "Coupe 2000 - Finale"]
[Site "Aurec"]
[Date "2002.06.15"]
[Round "2"]
[White "Miannay, Michel"]
[Black "Testard, Philippe"]
[Result "0-1"]
[WhiteElo "1790"]
[BlackElo "1960"]
[PlyCount "64"]

1. e4 c5 2. f4 e6 3. Nf3 Nc6 4. c3 d5 5. e5 Nge7 6. d3 b6 7. g3 Bb7 8. Bg2 Nf5
9. O-O d4 10. Na3 Be7 11. Nc2 dxc3 12. bxc3 Qd7 13. Ne3 Nxe3 14. Bxe3 Rd8 15.
d4 cxd4 16. cxd4 Nb4 17. a3 Nd5 18. Bf2 Rc8 19. Qb3 Rc3 20. Qb2 Qa4 21. Rfb1
O-O 22. Ng5 Rfc8 23. Qe2 h6 24. Ne4 Rxa3 25. Rxa3 Qxa3 26. Qg4 Rc1+ 27. Rxc1
Qxc1+ 28. Bf1 Ba6 29. Qh3 Bd3 30. Qg2 a5 31. h3 a4 32. Nd6 a3 0-1

[Event "Coupe 2000 - Finale"]
[Site "Aurec"]
[Date "2002.06.15"]
[Round "2"]
[White "Celette, Robert"]
[Black "Fozzani, Emmanuel"]
[Result "1-0"]
[WhiteElo "1990"]
[BlackElo "1870"]
[PlyCount "89"]

1. c4 Nf6 2. Nc3 g6 3. e4 d6 4. d4 Bg7 5. Nf3 O-O 6. Be2 e5 7. dxe5 dxe5 8. Bg5
Nbd7 9. O-O c6 10. Qd6 Re8 11. Rad1 Bf8 12. Qd2 Qc7 13. a3 a5 14. Bh6 Bxh6 15.
Qxh6 Nf8 16. Qg5 Qe7 17. Nh4 N6d7 18. Qg3 Ne6 19. Nf5 Qf8 20. Nd6 Rd8 21. Bg4
Qe7 22. Bxe6 Qxe6 23. Qh4 Qf6 24. Qh6 Nf8 25. c5 Ne6 26. b4 axb4 27. axb4 Qg7
28. Qh4 f6 29. Ra1 Rb8 30. Ra7 Nf4 31. Qg3 Be6 32. Qe3 Qh6 33. g3 Qg5 34. Kh1
Bh3 35. Rfa1 Qg4 36. Rg1 Ne6 37. f3 Qh5 38. Ne2 Ng5 39. g4 Qh4 40. Rg3 Ra8 41.
Qa3 Rxa7 42. Qxa7 Nxf3 43. Qa2+ Kg7 44. Rxf3 Qe1+ 45. Ng1 1-0

[Event "Coupe 2000 - Finale"]
[Site "Aurec"]
[Date "2002.06.15"]
[Round "2"]
[White "Viossat, Cyrille"]
[Black "Chomier, Frederic"]
[Result "1-0"]
[WhiteElo "1960"]
[BlackElo "2020"]
[PlyCount "49"]

1. Nf3 d5 2. g3 Nf6 3. Bg2 g6 4. O-O Bg7 5. d3 O-O 6. Nbd2 c5 7. e4 Nc6 8. c3
e5 9. exd5 Nxd5 10. a4 b6 11. Re1 Bb7 12. Nc4 Qc7 13. Qb3 Rad8 14. a5 Rfe8 15.
Ng5 Nce7 16. axb6 axb6 17. Ra7 Ra8 18. Rxb7 Qxb7 19. Nd6 Qd7 20. Bxd5 Nxd5 21.
Qxd5 Rf8 22. Ngxf7 Rxf7 23. Qxa8+ Rf8 24. Qd5+ Kh8 25. c4 1-0

[Event "Coupe 2000 - Finale"]
[Site "Aurec"]
[Date "2002.06.15"]
[Round "2"]
[White "Kousnetsoff, Dimitri"]
[Black "Gacogne, Charlie"]
[Result "1-0"]
[WhiteElo "2070"]
[BlackElo "1950"]
[PlyCount "75"]

1. Nf3 Nf6 2. c4 g6 3. Nc3 Bg7 4. e4 O-O 5. d4 d6 6. g3 Nbd7 7. Bg2 c6 8. h3 e5
9. O-O Re8 10. Re1 exd4 11. Nxd4 Ne5 12. b3 Qa5 13. Bb2 Nh5 14. Kh2 Qb6 15. Na4
Qc7 16. Rc1 a6 17. Rc2 c5 18. Nf3 b5 19. Nc3 Qb8 20. Rd2 bxc4 21. Nxe5 dxe5 22.
bxc4 Be6 23. Nd5 Ra7 24. Ba3 Qc8 25. Qa4 Rd8 26. Red1 Bxd5 27. Rxd5 Rxd5 28.
cxd5 f5 29. d6 Nf6 30. Qc4+ Kf8 31. Qxc5 Qxc5 32. Bxc5 Rd7 33. exf5 gxf5 34.
Bc6 Rd8 35. d7+ Kf7 36. Bb6 Ke7 37. Bxd8+ Kxd8 38. Rb1 1-0

[Event "Coupe 2000 - Finale"]
[Site "Aurec"]
[Date "2002.06.15"]
[Round "2"]
[White "Litolff, Paul"]
[Black "Nowocien, Anthony"]
[Result "0-1"]
[WhiteElo "1920"]
[BlackElo "1870"]
[PlyCount "70"]

1. d4 g6 2. c4 Bg7 3. Nc3 c5 4. e3 Nf6 5. Nf3 O-O 6. Be2 d5 7. h3 Nc6 8. O-O
dxc4 9. Bxc4 cxd4 10. exd4 e6 11. a3 Ne7 12. Bg5 b6 13. Qe2 Bb7 14. Rfd1 Ned5
15. Bd3 h6 16. Bd2 Rc8 17. Ne5 Ne7 18. Be1 Nfd5 19. Qg4 Nf5 20. Be4 Nf6 21. Qe2
Bxe4 22. Ng4 Bb7 23. Nxf6+ Qxf6 24. Ne4 Bxe4 25. Qxe4 Rfd8 26. Bc3 Qh4 27. Qxh4
Nxh4 28. Rd3 Nf5 29. Rad1 Rd5 30. g4 Ne7 31. Kf1 Rcd8 32. Ke2 Nc6 33. f4 Bxd4
34. Bxd4 Nxd4+ 35. Kf2 Nb3 0-1

[Event "Coupe 2000 - Finale"]
[Site "Aurec"]
[Date "2002.06.15"]
[Round "2"]
[White "Pantioukhine, Slava"]
[Black "Pacchioni, Fabien"]
[Result "1-0"]
[WhiteElo "1810"]
[BlackElo "1830"]
[PlyCount "77"]

1. b3 d5 2. Bb2 Nf6 3. Nf3 g6 4. e3 Bg7 5. c4 c6 6. cxd5 cxd5 7. Bb5+ Nc6 8.
O-O O-O 9. d4 Bg4 10. Bxc6 bxc6 11. h3 Bxf3 12. Qxf3 Ne4 13. Qe2 Qa5 14. Rc1
Rac8 15. f3 Ng3 16. Qf2 Qc7 17. Nd2 h5 18. Rc5 h4 19. Rac1 Qb6 20. Nf1 Nf5 21.
e4 dxe4 22. fxe4 Nd6 23. Qxh4 f5 24. Nd2 Qb4 25. Nf3 fxe4 26. Ng5 Bxd4+ 27. Kh1
Rf7 28. Bxd4 Qxd4 29. Nxf7 Kxf7 30. Qh7+ Ke8 31. Qxg6+ Kd7 32. Qg4+ Ke8 33. Rg5
Kd8 34. Rd1 Qf6 35. Rg8+ Kc7 36. Rxc8+ Nxc8 37. Qxe4 Nd6 38. Qa4 Qf2 39. Rc1
1-0

[Event "Coupe 2000 - Finale"]
[Site "Aurec"]
[Date "2002.06.15"]
[Round "2"]
[White "Simon, Leopold"]
[Black "Foulon, Thibaut"]
[Result "1-0"]
[WhiteElo "2010"]
[BlackElo "1900"]
[PlyCount "64"]

1. d4 Nf6 2. c4 e6 3. Nc3 d5 4. e3 b6 5. cxd5 exd5 6. Nf3 c6 7. Qc2 Bd6 8. Be2
O-O 9. O-O Qd7 10. a3 Ba6 11. b4 Bxe2 12. Nxe2 Ne4 13. Ng3 f5 14. Bb2 Na6 15.
Rac1 Rac8 16. Qb3 Nc7 17. Rc2 Rf6 18. Rfc1 Nxg3 19. hxg3 Qe8 20. Rxc6 Qh5 21.
Qd1 g5 22. Ne1 g4 23. Kf1 Qe8 24. Qb3 Qe4 25. Qc2 Qe6 26. Nd3 Rh6 27. Nf4 Bxf4
28. gxf4 Rh1+ 29. Ke2 Rxc1 30. Bxc1 Qd7 31. Bd2 Kg7 32. a4 h5 1-0

[Event "Coupe 2000 - Finale"]
[Site "Aurec"]
[Date "2002.06.15"]
[Round "2"]
[White "Gomard, Alexandre"]
[Black "Budima, Muharem"]
[Result "0-1"]
[WhiteElo "1840"]
[BlackElo "2080"]
[PlyCount "48"]

1. d4 Nf6 2. c4 c5 3. d5 d6 4. Nc3 e5 5. e4 h6 6. Be2 Be7 7. f4 exf4 8. Bxf4
Nfd7 9. Nf3 Qb6 10. Qc2 Bf6 11. O-O O-O 12. Rab1 Ne5 13. Nxe5 Bxe5 14. a3 Nd7
15. b4 Bxf4 16. Rxf4 cxb4+ 17. Kh1 a5 18. Na4 Qe3 19. Rf3 Qa7 20. axb4 axb4 21.
Rxb4 Qa5 22. Rfb3 Nc5 23. Nxc5 dxc5 24. Rb5 Qe1+ 0-1

[Event "Coupe 2000 - Finale"]
[Site "Aurec"]
[Date "2002.06.15"]
[Round "2"]
[White "Vincent, Bernard"]
[Black "Le Basnier, Yoann"]
[Result "0-1"]
[WhiteElo "1850"]
[BlackElo "1630"]
[PlyCount "110"]

1. d4 Nf6 2. Nc3 d5 3. Bg5 c6 4. Bxf6 exf6 5. e4 dxe4 6. Nxe4 Qb6 7. Rb1 Bf5 8.
Ng3 Bg6 9. a3 Be7 10. Nf3 O-O 11. Bd3 Re8 12. O-O Nd7 13. Re1 Nf8 14. Nf5 Bxf5
15. Bxf5 Rad8 16. Bd3 Ne6 17. c3 Nf4 18. Bc4 Qa5 19. Qb3 Nd5 20. Bxd5 Qxd5 21.
Qxb7 Rd7 22. Qa6 Rb8 23. Qe2 Rdb7 24. Nh4 Bf8 25. Qc2 Qa2 26. Qf5 Bxa3 27. b4
Qd2 28. Qe4 h6 29. Qe3 Qxe3 30. fxe3 a5 31. Rb3 axb4 32. cxb4 Bxb4 33. Reb1 Rb6
34. Nf5 Kf8 35. Kf1 Ba5 36. Rxb6 Rxb6 37. Ra1 Rb5 38. Nd6 Rd5 39. Nc4 Bd8 40.
Ra6 c5 41. dxc5 Rxc5 42. Na3 g5 43. Ke2 Kg7 44. h3 Kg6 45. g4 h5 46. Kf3 hxg4+
47. hxg4 Be7 48. Nb1 Re5 49. Rc6 Bc5 50. e4 Ba7 51. Nc3 Re6 52. Rc8 Kg7 53. Nb5
Re7 54. Nd6 Rd7 55. Nf5+ Kh7 0-1

[Event "Coupe 2000 - Finale"]
[Site "Aurec"]
[Date "2002.06.15"]
[Round "2"]
[White "Thorel, Gregoire"]
[Black "Simon, Christian"]
[Result "0-1"]
[WhiteElo "1720"]
[BlackElo "1880"]
[PlyCount "66"]

1. e4 c5 2. Nf3 d6 3. d4 cxd4 4. Nxd4 Nf6 5. Nc3 g6 6. Be2 Bg7 7. Be3 Nc6 8.
O-O O-O 9. h3 d5 10. exd5 Nxd5 11. Nxd5 Qxd5 12. Bf3 Qc4 13. Nxc6 bxc6 14. c3
Ba6 15. Re1 Rfd8 16. Qc2 Qb5 17. Be2 Qb7 18. Bxa6 Qxa6 19. b3 Rd7 20. Rad1 Rad8
21. c4 Qb7 22. Rxd7 Rxd7 23. Rd1 e6 24. Rd3 Kf8 25. Qd1 Ke8 26. Qd2 Rxd3 27.
Qxd3 Qd7 28. Qd2 Qxd2 29. Bxd2 Kd7 30. Kf1 Bd4 31. Be1 e5 32. f3 f5 33. g4 Ke6
0-1

[Event "Coupe 2000 - Finale"]
[Site "Aurec"]
[Date "2002.06.15"]
[Round "2"]
[White "Rauzieres, William"]
[Black "Garon, Pierre"]
[Result "1/2-1/2"]
[WhiteElo "2020"]
[BlackElo "2010"]
[PlyCount "64"]

1. e4 c6 2. d4 d5 3. Nc3 dxe4 4. Nxe4 Nd7 5. Nf3 Ngf6 6. Ng3 e6 7. Bd3 Bd6 8.
Bg5 h6 9. Bd2 Qc7 10. Bc3 b6 11. O-O O-O 12. Re1 Nd5 13. Bd2 Bb7 14. Ne4 Bf4
15. c3 Bxd2 16. Nexd2 c5 17. Rc1 Rad8 18. Bb1 Rfe8 19. Ne5 N7f6 20. Ndf3 Qd6
21. Qc2 cxd4 22. Nxd4 Qc5 23. Rcd1 a6 24. Rd3 Rd6 25. Rg3 Red8 26. Nxf7 Nf4 27.
Nxd8 Rxd8 28. b4 Qd5 29. a4 Nxg2 30. Ba2 Nxe1 31. Bxd5 Nxc2 32. Bxb7 Nxd4
1/2-1/2

[Event "Coupe 2000 - Finale"]
[Site "Aurec"]
[Date "2002.06.15"]
[Round "2"]
[White "Valla, Nicolas"]
[Black "Campo, Alain"]
[Result "1-0"]
[WhiteElo "1990"]
[BlackElo "1820"]
[PlyCount "107"]

1. e4 c5 2. c3 d5 3. exd5 Qxd5 4. d4 Nf6 5. Nf3 Bg4 6. Be2 e6 7. O-O Nc6 8. Be3
cxd4 9. Nxd4 Bxe2 10. Qxe2 Nxd4 11. Bxd4 Be7 12. Nd2 O-O 13. Nf3 Rfd8 14. Ne5
Bc5 15. Rfd1 Bxd4 16. Rxd4 Qa5 17. Rxd8+ Rxd8 18. a3 Qd5 19. Nf3 h6 20. Kf1 Kf8
21. Ke1 Ke7 22. c4 Qd3 23. Qxd3 Rxd3 24. Ke2 Rd6 25. Rc1 Nd7 26. b4 b6 27. Ke3
f6 28. Nd4 Nb8 29. Nb5 Rd7 30. c5 bxc5 31. Rxc5 a6 32. Nd4 Rd5 33. Nc6+ Nxc6
34. Rxc6 Rd6 35. Rxd6 Kxd6 36. Kd4 g6 37. a4 Kc6 38. f4 h5 39. h4 Kb6 40. Kc4
Kc6 41. b5+ axb5+ 42. axb5+ Kb6 43. Kb4 e5 44. fxe5 fxe5 45. Kc4 e4 46. Kd4
Kxb5 47. Kxe4 Kc6 48. Kf4 Kd6 49. Kg5 Ke6 50. Kxg6 Ke5 51. Kxh5 Kf5 52. g4+ Kf6
53. Kh6 Kf7 54. Kh7 1-0

[Event "Coupe 2000 - Finale"]
[Site "Aurec"]
[Date "2002.06.15"]
[Round "2"]
[White "Razafison, Ulrich"]
[Black "Bellon, Yves"]
[Result "1-0"]
[WhiteElo "1499"]
[BlackElo "1950"]
[PlyCount "50"]

1. d4 Nf6 2. c4 c5 3. e3 b6 4. Nf3 e6 5. Nc3 Be7 6. Bd3 Bb7 7. O-O O-O 8. Bd2
a6 9. Qe2 Qc7 10. e4 cxd4 11. Nxd4 d6 12. Rac1 Nbd7 13. b4 Rac8 14. Nf3 Rfe8
15. a3 Qb8 16. h3 Bf8 17. Bf4 Qa8 18. Rfe1 d5 19. e5 dxc4 20. Bc2 Nd5 21. Nxd5
Bxd5 22. Bxh7+ Kh8 23. Ng5 g6 24. Qg4 Re7 25. Qh4 f6 1-0

[Event "Coupe 2000 - Finale"]
[Site "Aurec"]
[Date "2002.06.15"]
[Round "2"]
[White "Kononov, Alexander"]
[Black "Parnet, Arnaud"]
[Result "1/2-1/2"]
[WhiteElo "2240"]
[BlackElo "1910"]
[PlyCount "79"]

1. d4 Nf6 2. c4 e6 3. Nc3 Bb4 4. f3 c5 5. d5 exd5 6. cxd5 d6 7. e4 O-O 8. Bg5
Nbd7 9. Nh3 a6 10. a4 Re8 11. Be2 h6 12. Bd2 Ne5 13. Nf2 Ng6 14. O-O Bd7 15.
Qc2 Qe7 16. Rfe1 Bxc3 17. Bxc3 b5 18. axb5 axb5 19. b3 b4 20. Bb2 Reb8 21. Nd1
Rxa1 22. Bxa1 Ra8 23. Ne3 Nf4 24. Bc4 Ne8 25. Bb2 Ng6 26. Ra1 Qd8 27. Qb1 f6
28. Rxa8 Qxa8 29. Qa1 Qxa1+ 30. Bxa1 Ne5 31. h3 Nc7 32. f4 Nf7 33. Kf2 Kf8 34.
Kf3 Bc8 35. g4 Bd7 36. Bb2 Bc8 37. h4 Bd7 38. h5 Ne8 39. Bc1 Nc7 40. Bd2
1/2-1/2

[Event "Coupe 2000 - Finale"]
[Site "Aurec"]
[Date "2002.06.15"]
[Round "2"]
[White "Dieudonne, Christian"]
[Black "Perrin, Marc"]
[Result "0-1"]
[WhiteElo "2010"]
[BlackElo "2096"]
[PlyCount "62"]

1. d4 Nc6 2. Nf3 d5 3. Bf4 Bg4 4. e3 a6 5. Bd3 Nf6 6. h3 Bh5 7. c3 e6 8. Nbd2
Bd6 9. Bxd6 Qxd6 10. O-O h6 11. e4 dxe4 12. Nxe4 Nxe4 13. Bxe4 f5 14. Bd3 g5
15. Be2 Bf7 16. c4 O-O-O 17. c5 Qd5 18. Qc2 Nxd4 19. Nxd4 Qxd4 20. Bf3 c6 21.
Rad1 Qe5 22. Rde1 Qc7 23. b4 h5 24. a4 g4 25. Be2 gxh3 26. gxh3 Qf4 27. Qb3
Rhg8+ 28. Kh1 Rg7 29. b5 e5 30. Qc3 Bd5+ 31. f3 Qg3 0-1

[Event "Coupe 2000 - Finale"]
[Site "Aurec"]
[Date "2002.06.15"]
[Round "2"]
[White "Forget, Cyril"]
[Black "Poirot, Eric"]
[Result "1-0"]
[WhiteElo "1940"]
[BlackElo "1980"]
[PlyCount "55"]

1. e4 c5 2. Nf3 d6 3. d4 cxd4 4. Nxd4 Nf6 5. Nc3 g6 6. Be3 Bg7 7. f3 O-O 8. Qd2
Nc6 9. Bc4 Bd7 10. h4 h5 11. Bh6 Bxh6 12. Qxh6 Nxd4 13. Qxg6+ Kh8 14. Qh6+ Nh7
15. O-O-O Nc6 16. Qxh5 Be6 17. Bd5 Bxd5 18. Rxd5 e6 19. Rd2 Qf6 20. Nb5 Rad8
21. Nxd6 Rxd6 22. Rxd6 Qf4+ 23. Rd2 Rg8 24. Kd1 Ne5 25. b3 Rg6 26. Rd8+ Kg7 27.
Rf1 Nf6 28. Qh8# 1-0

[Event "Coupe 2000 - Finale"]
[Site "Aurec"]
[Date "2002.06.15"]
[Round "2"]
[White "Devaux, Frederic"]
[Black "Groz, Jacky"]
[Result "0-1"]
[WhiteElo "1770"]
[BlackElo "2050"]
[PlyCount "102"]

1. e4 c5 2. c3 e6 3. d4 d5 4. e5 Nc6 5. Nf3 Qb6 6. a3 Bd7 7. Be2 cxd4 8. cxd4
Nge7 9. Nc3 Nf5 10. Na4 Qc7 11. g4 Nfe7 12. Nc3 Na5 13. Nb5 Bxb5 14. Bxb5+ Nec6
15. Bf4 Qb6 16. Bxc6+ bxc6 17. b4 Nc4 18. Bg5 a5 19. O-O Be7 20. bxa5 Rxa5 21.
Rb1 Qa7 22. Qb3 Rb5 23. Qc2 Bxg5 24. Nxg5 Qxd4 25. h3 Qd2 26. Qa4 O-O 27. Nf3
Qd3 28. Rxb5 cxb5 29. Qd1 Qxd1 30. Rxd1 Nxa3 31. Nd4 Nc4 32. f4 b4 33. Rb1 Rb8
34. Nc6 Rb6 35. Rxb4 Rxb4 36. Nxb4 f6 37. exf6 gxf6 38. Kf2 Nb6 39. Ke3 Kf7 40.
Kd4 Ke7 41. Kc5 Nd7+ 42. Kd4 Kd6 43. Nd3 e5+ 44. fxe5+ fxe5+ 45. Ke3 d4+ 46.
Ke2 e4 47. Nf4 Ke5 48. Ng2 Nf6 49. Kd2 Nd5 50. Ke2 Nf4+ 51. Nxf4 Kxf4 0-1

[Event "Coupe 2000 - Finale"]
[Site "Aurec"]
[Date "2002.06.15"]
[Round "2"]
[White "Valjan, Berislav"]
[Black "Denisart, Anthony"]
[Result "0-1"]
[WhiteElo "1730"]
[BlackElo "2099"]
[PlyCount "68"]

1. d4 Nf6 2. c4 c5 3. Nf3 g6 4. Nc3 cxd4 5. Nxd4 Bg7 6. e3 O-O 7. Bd3 d5 8. O-O
Nc6 9. Nxc6 bxc6 10. cxd5 Nxd5 11. Ne2 Rb8 12. Rb1 Nb4 13. Bc4 Bf5 14. Ra1 Nc2
15. Ng3 Qxd1 16. Rxd1 Nxa1 17. e4 Bc8 18. Be3 Nc2 19. Bxa7 Rxb2 20. Bc5 Be6 21.
Bxe6 fxe6 22. Bxe7 Rfb8 23. Nf1 Nd4 24. a3 Rb1 25. Rxb1 Rxb1 26. g3 Nf3+ 27.
Kg2 Ne1+ 28. Kh3 Rb2 29. f4 Bd4 30. g4 Bg1 31. f5 Rf2 32. fxe6 Rxf1 33. Bd6
Rf3+ 34. Kh4 Ng2+ 0-1

[Event "Coupe 2000 - Finale"]
[Site "Aurec"]
[Date "2002.06.15"]
[Round "2"]
[White "Valet, Godeffroy"]
[Black "Feller, Sebastien"]
[Result "0-1"]
[WhiteElo "1630"]
[BlackElo "2080"]
[PlyCount "108"]

1. e4 c5 2. Nc3 Nc6 3. Nf3 g6 4. d3 Bg7 5. g3 d6 6. Bg2 e6 7. O-O Nge7 8. Be3
Nd4 9. Ne2 Nxe2+ 10. Qxe2 Nc6 11. c3 O-O 12. Qd2 b6 13. Bh6 Ba6 14. Rfe1 Rc8
15. Bxg7 Kxg7 16. Ng5 Ne5 17. c4 Nxd3 18. Nxe6+ fxe6 19. Qxd3 Qe7 20. f4 Kg8
21. b3 Rcd8 22. Qc3 b5 23. Qa5 Qb7 24. e5 Qb6 25. Qxb6 axb6 26. cxb5 Bxb5 27.
exd6 Rxd6 28. Rad1 Rfd8 29. Rxd6 Rxd6 30. a4 Ba6 31. Bf1 Bc8 32. Bc4 Kf7 33. h3
Kf6 34. Kf2 Rd2+ 35. Re2 Rd4 36. Re1 Rd6 37. Re2 Bb7 38. Re1 Kf7 39. Re3 Bd5
40. Rd3 Ke7 41. Ke3 h6 42. Ke2 Kf6 43. Ke3 h5 44. g4 h4 45. g5+ Ke7 46. Ke2 Be4
47. Rxd6 Kxd6 48. Kf2 Bf5 49. Kg2 e5 50. Kf3 exf4 51. Kxf4 Ke7 52. Bf1 Be6 53.
Bc4 Bxh3 54. Kf3 Be6 0-1

[Event "Coupe 2000 - Finale"]
[Site "Aurec"]
[Date "2002.06.15"]
[Round "2"]
[White "Iglesias, Joachim"]
[Black "Barthelemy, Jerome"]
[Result "1-0"]
[WhiteElo "1970"]
[BlackElo "1410"]
[PlyCount "99"]

1. d4 d5 2. c4 dxc4 3. Nf3 Nf6 4. e3 Nc6 5. Bxc4 e5 6. dxe5 Qxd1+ 7. Kxd1 Ng4
8. Ke2 Ngxe5 9. Bb5 Bg4 10. Nbd2 a6 11. Bxc6+ Nxc6 12. h3 Bh5 13. a3 Bc5 14. b4
Bb6 15. Bb2 O-O 16. Nc4 Ba7 17. g4 Bg6 18. Nfe5 Nxe5 19. Nxe5 Be4 20. f3 Bc6
21. Nxc6 bxc6 22. Rac1 Rfe8 23. e4 c5 24. bxc5 Red8 25. Be5 c6 26. Bd6 Bb8 27.
e5 f6 28. exf6 Bxd6 29. cxd6 Rxd6 30. fxg7 Kxg7 31. Rhd1 Rxd1 32. Kxd1 Rc8 33.
Rc5 Kf6 34. Kd2 Ke6 35. Ra5 Ra8 36. Rh5 Rh8 37. Kd3 Rf8 38. Ke4 Rf7 39. Ra5 Ra7
40. f4 h6 41. f5+ Kf6 42. Kf4 Ra8 43. h4 Ra7 44. g5+ hxg5+ 45. hxg5+ Kf7 46.
g6+ Kf8 47. Re5 Re7 48. Rxe7 Kxe7 49. Ke5 c5 50. Kd5 1-0

[Event "Coupe 2000 - Finale"]
[Site "Aurec"]
[Date "2002.06.15"]
[Round "2"]
[White "Troubat, Michael"]
[Black "Le Corre, Benjamin"]
[Result "1-0"]
[WhiteElo "1890"]
[BlackElo "2090"]
[PlyCount "74"]

1. e4 e6 2. d3 d5 3. Nd2 Nf6 4. g3 b6 5. Bg2 Be7 6. Ngf3 O-O 7. O-O Bb7 8. Re1
c5 9. e5 Nfd7 10. h4 Nc6 11. Nf1 Qc7 12. Bf4 Nd4 13. N1h2 Nf5 14. c3 b5 15. h5
c4 16. d4 b4 17. Rb1 Qd8 18. Qd2 h6 19. g4 Nh4 20. Nxh4 Bxh4 21. Nf3 Re8 22.
Kh2 Nf8 23. Bh3 Nh7 24. Rg1 Bg5 25. Rg3 Rf8 26. Nxg5 hxg5 27. Be3 f6 28. f4
fxe5 29. fxe5 Qe7 30. Rf1 Rxf1 31. Bxf1 Rf8 32. Be2 Bc6 33. Bd1 Be8 34. Bc2 Rf1
35. Bxh7+ Kxh7 36. Bxg5 Qf8 37. Be3 Ra1 1-0

[Event "Coupe 2000 - Finale"]
[Site "Aurec"]
[Date "2002.06.15"]
[Round "2"]
[White "Stankovic, Serge"]
[Black "Neto, Jeremy"]
[Result "1/2-1/2"]
[WhiteElo "2089"]
[BlackElo "2240"]
[PlyCount "73"]

1. e4 e6 2. d4 d5 3. Be3 Nf6 4. e5 Nfd7 5. f4 c5 6. Nf3 Nc6 7. c3 a6 8. Bd3 Qb6
9. b3 cxd4 10. Nxd4 Bc5 11. Bc2 Nxd4 12. Bxd4 Bxd4 13. cxd4 Qb4+ 14. Qd2 Qxd2+
15. Nxd2 b5 16. O-O g6 17. Rac1 Nb6 18. Bd3 Bd7 19. Rc7 Ke7 20. Rfc1 Rhc8 21.
Nf3 h6 22. Kf2 Kd8 23. Rxc8+ Nxc8 24. Be2 Ne7 25. a3 Rc8 26. Rxc8+ Bxc8 27. g4
Nc6 28. Ke3 Ke7 29. Ne1 Na5 30. Bd1 Bd7 31. Nd3 Nb7 32. b4 Bc6 33. Nc5 Nxc5 34.
bxc5 a5 35. Kd3 Kd7 36. Bc2 Ke7 37. Kc3 1/2-1/2

[Event "Coupe 2000 - Finale"]
[Site "Aurec"]
[Date "2002.06.15"]
[Round "2"]
[White "Lacour, Marc"]
[Black "Baas, Laurent"]
[Result "0-1"]
[WhiteElo "1870"]
[BlackElo "1930"]
[PlyCount "131"]

1. e4 c5 2. f4 d5 3. exd5 Qxd5 4. Nc3 Qd8 5. Bc4 Nf6 6. d3 Bg4 7. Nf3 e6 8. O-O
Be7 9. Qe1 Bxf3 10. Rxf3 Nc6 11. Ne2 O-O 12. c3 a6 13. Qf2 Na5 14. a3 Nxc4 15.
dxc4 Qd1+ 16. Qf1 Rad8 17. Be3 Qxf1+ 18. Raxf1 Rd3 19. Bc1 Rxf3 20. Rxf3 Rd8
21. Rf1 Ne4 22. g3 Nd2 23. Rf2 Nxc4 24. Kg2 Nd2 25. Bxd2 Rxd2 26. Nc1 Rxf2+ 27.
Kxf2 Kf8 28. Nd3 Bd6 29. c4 Ke7 30. a4 Kd7 31. Ke3 Kc6 32. Ke4 f6 33. b3 b5 34.
f5 bxc4 35. bxc4 exf5+ 36. Kxf5 Kd7 37. g4 Ke7 38. h3 g6+ 39. Ke4 Ke6 40. Ne1
f5+ 41. gxf5+ gxf5+ 42. Kf3 Ke5 43. Nc2 Be7 44. Ne3 Bg5 45. Nd5 Kd4 46. Nc7
Kxc4 47. Nxa6 h6 48. Kg3 Bd2 49. Kf3 Kd4 50. Nc7 c4 51. Nb5+ Kc5 52. Ke2 Ba5
53. Kd1 f4 54. Ke2 Kb4 55. Nd6 c3 56. Kd1 Kxa4 57. Kc2 Kb4 58. Nf5 h5 59. Nd4
Kc4 60. Nf3 Bc7 61. Ng5 Be5 62. Nf3 Bd4 63. Ne1 Be3 64. Ng2 Kd4 65. Ne1 Bd2 66.
Kd1 0-1

[Event "Coupe 2000 - Finale"]
[Site "Aurec"]
[Date "2002.06.15"]
[Round "2"]
[White "Troubat, Nicolas"]
[Black "Grauffel, Mathieu"]
[Result "1-0"]
[WhiteElo "1800"]
[BlackElo "1700"]
[PlyCount "71"]

1. e4 c5 2. c3 d5 3. exd5 Qxd5 4. Nf3 Nf6 5. d4 cxd4 6. cxd4 e6 7. Bd3 Nc6 8.
O-O Be7 9. Bf4 Qd8 10. Nc3 a6 11. Rc1 O-O 12. Bc4 Nd5 13. Bxd5 exd5 14. Qb3 Bg4
15. Qxb7 Nb4 16. Qc7 Bxf3 17. gxf3 Nd3 18. Rc2 Nxf4 19. Qxf4 Bd6 20. Qf5 Qh4
21. h3 Qxd4 22. Rd1 Qh4 23. Nxd5 Rad8 24. Rcd2 Be7 25. Rd4 Qg5+ 26. Qxg5 Bxg5
27. h4 Rxd5 28. Rxd5 Bxh4 29. Rd6 a5 30. Ra6 Bf6 31. b3 Bc3 32. Rd7 Re8 33.
Raa7 f5 34. Rf7 Re2 35. Rxf5 g6 36. Rc5 1-0

[Event "Coupe 2000 - Finale"]
[Site "Aurec"]
[Date "2002.06.15"]
[Round "2"]
[White "Baran, Pascal"]
[Black "Le Goff, Francois-Xavier"]
[Result "0-1"]
[WhiteElo "1810"]
[BlackElo "1910"]
[PlyCount "36"]

1. e4 c5 2. b3 e6 3. Bb2 d5 4. exd5 exd5 5. d4 Nf6 6. Nf3 Nc6 7. Be2 Be7 8. O-O
O-O 9. Nbd2 Bf5 10. Nh4 Be6 11. Nhf3 Rc8 12. Ne5 Nxd4 13. Bxd4 cxd4 14. Ndf3
Ne4 15. Nxd4 Qb6 16. Bf3 Bf6 17. Bxe4 dxe4 18. f4 Rfd8 0-1

[Event "Coupe 2000 - Finale"]
[Site "Aurec"]
[Date "2002.06.15"]
[Round "2"]
[White "Berthiaud, Patrick"]
[Black "Viallat, Gilles"]
[Result "0-1"]
[WhiteElo "1640"]
[BlackElo "1800"]
[PlyCount "112"]

1. c4 Nf6 2. Nc3 e5 3. Nf3 d6 4. g3 Bd7 5. Bg2 Qc8 6. O-O Bh3 7. d4 Bxg2 8.
Kxg2 Nbd7 9. h3 h6 10. dxe5 Nxe5 11. Nxe5 dxe5 12. Nd5 Nxd5 13. Qxd5 f6 14. Be3
c6 15. Qf3 Qe6 16. b3 Be7 17. Rad1 O-O 18. Qh5 f5 19. f4 exf4 20. Bxf4 Qe4+ 21.
Qf3 Qxf3+ 22. exf3 g5 23. Be5 Rad8 24. Bc7 Rde8 25. Rd7 Bc5 26. Rd2 Rf7 27. Ba5
Rfe7 28. Rfd1 Re2+ 29. Kf1 R2e3 30. Rd3 b6 31. Bc3 Kf7 32. b4 Bf8 33. Rd7+ R8e7
34. Rxe7+ Bxe7 35. Be1 Rxf3+ 36. Ke2 g4 37. hxg4 fxg4 38. Rd7 Ra3 39. Rc7 Rxa2+
40. Kd3 c5 41. b5 h5 42. Bd2 Ke6 43. Rc6+ Kf5 44. Bf4 h4 45. Rc7 hxg3 46. Bxg3
Ra3+ 47. Ke2 Rxg3 48. Rxe7 Rc3 49. Rxa7 Rxc4 50. Rb7 Re4+ 51. Kf2 Re6 52. Rc7
Kf4 53. Rc6 g3+ 54. Kf1 Ke5 55. Rc8 Kd4 56. Kg2 Kc4 0-1

[Event "Coupe 2000 - Finale"]
[Site "Aurec"]
[Date "2002.06.15"]
[Round "3"]
[White "Garon, Pierre"]
[Black "Graillon, David"]
[Result "1/2-1/2"]
[WhiteElo "2010"]
[BlackElo "1970"]
[PlyCount "95"]

1. c4 c6 2. d4 d5 3. Nf3 Nf6 4. Nc3 e6 5. Bg5 Nbd7 6. e3 Qa5 7. Nd2 dxc4 8.
Bxf6 Nxf6 9. Nxc4 Qc7 10. Be2 Be7 11. O-O O-O 12. Rc1 Rd8 13. Qc2 Bd7 14. Ne5
Be8 15. Nd3 Rac8 16. Rfd1 Bd6 17. h3 Qe7 18. Bf3 Bb8 19. Ne4 g6 20. b4 Nxe4 21.
Bxe4 f5 22. Bf3 g5 23. Qb2 h5 24. g3 g4 25. hxg4 hxg4 26. Bg2 Kh7 27. Kf1 Bd6
28. Ke2 a5 29. a3 axb4 30. axb4 Bd7 31. Rh1+ Kg6 32. Rh4 Rh8 33. Rch1 Qg7 34.
Nc5 Rxh4 35. Rxh4 Bxc5 36. bxc5 Be8 37. Qb1 Qc7 38. Rxg4+ Kf6 39. Rh4 Ra8 40.
Rh6+ Bg6 41. Bf3 Kg7 42. Rh1 Ra5 43. Qb2 Rb5 44. Qc3 Kf7 45. Kd2 Ra5 46. Rb1 f4
47. Rb6 fxg3 48. fxg3 1/2-1/2

[Event "Coupe 2000 - Finale"]
[Site "Aurec"]
[Date "2002.06.15"]
[Round "3"]
[White "Testard, Philippe"]
[Black "Valla, Nicolas"]
[Result "1/2-1/2"]
[WhiteElo "1960"]
[BlackElo "1990"]
[PlyCount "54"]

1. e4 c6 2. d4 d5 3. exd5 cxd5 4. c4 Nf6 5. Nc3 e6 6. Bg5 Be7 7. Nf3 O-O 8. Bd3
dxc4 9. Bxc4 Nc6 10. O-O Nd5 11. Bxe7 Ncxe7 12. Rc1 Nxc3 13. bxc3 Bd7 14. Ne5
Rc8 15. Qd3 Nc6 16. Nxd7 Qxd7 17. Rfd1 Rfd8 18. Qe4 Ne7 19. Bd3 g6 20. Bb1 Qd5
21. Qf4 Qc4 22. Rd3 Qc7 23. Qf3 Nf5 24. Qe4 Qc6 25. Qf4 Qc7 26. Qe4 Qc6 27. Qf4
Qc7 1/2-1/2

[Event "Coupe 2000 - Finale"]
[Site "Aurec"]
[Date "2002.06.15"]
[Round "3"]
[White "Bellon, Yves"]
[Black "Celette, Robert"]
[Result "0-1"]
[WhiteElo "1950"]
[BlackElo "1990"]
[PlyCount "62"]

1. c4 Nf6 2. Nc3 g6 3. e4 d6 4. d4 Bg7 5. f4 O-O 6. Nf3 c5 7. d5 e6 8. Be2 exd5
9. cxd5 a6 10. a4 Re8 11. Qc2 Qc7 12. O-O c4 13. h3 Nbd7 14. Be3 Nc5 15. Bxc5
Qxc5+ 16. Kh2 Bd7 17. Rad1 b5 18. g4 Qe3 19. e5 Qxf4+ 20. Kg2 dxe5 21. axb5
axb5 22. Nd4 Qxd4 23. Rxd4 exd4 24. Nxb5 Bxb5 25. Bxc4 Rac8 26. b3 Nxd5 27. Qf2
Ne3+ 28. Kg1 Bxc4 29. bxc4 Nxf1 30. Qxf1 Rcd8 31. c5 d3 0-1